000 00539ntaaa2200193 4500
003 01
005 20251027202319.0
008 0714s1973 ag 01
020 _a2825407828
040 _aAR-BaBN
_bspa
_cAR-BaBN
_eaacr
_dRIC
082 _a280.1000 W89c
100 _aWorld Council of Churches
_918625
245 _aCentral committee of the World Council of Churches
250 _a1 ed.
260 _aGeneva :
_bWorld Council of Churches,
_c1983
300 _a42 p ;
_c21 cm
650 _aConcilio mundial de iglesias
_93998
942 _cBK
999 _c17959
_d17959